Principles of surveying (Record no. 5955)

000 -LEADER
fixed length control field 00477nam a2200193 i 4500
001 - CONTROL NUMBER
control field 5955
003 - CONTROL NUMBER IDENTIFIER
control field BD-DhUET
008 - FIXED-LENGTH DATA ELEMENTS--GENERAL INFORMATION
fixed length control field 770818s1978 vaua 001 0 eng
020 ## - INTERNATIONAL STANDARD BOOK NUMBER
International Standard Book Number 0879096209
040 ## - CATALOGING SOURCE
Original cataloging agency DLC
Transcribing agency DLC
Modifying agency BD-DhUET
082 00 - DEWEY DECIMAL CLASSIFICATION NUMBER
Classification number 526.9
Item number HEB/1978
100 ## - MAIN ENTRY--PERSONAL NAME
Personal name Herubin, Charles A.
245 10 - TITLE STATEMENT
Title Principles of surveying
250 ## - EDITION STATEMENT
Edition statement 2nd ed.
260 ## - PUBLICATION, DISTRIBUTION, ETC. (IMPRINT)
Place of publication, distribution, etc. Virginia
Name of publisher, distributor, etc. Reston Publishing
Date of publication, distribution, etc. 1978
300 ## - PHYSICAL DESCRIPTION
Extent x, 323 p.
Other physical details ill.
Dimensions 24 cm.
650 #0 - SUBJECT ADDED ENTRY--TOPICAL TERM
Topical term or geographic name as entry element Surveying
942 ## - ADDED ENTRY ELEMENTS (KOHA)
Koha item type General Book
Holdings
Location (home branch) Koha item type Copy number Koha date last borrowed Source of classification or shelving scheme Koha date last seen Withdrawn status Lost status Piece designation (barcode) Damaged status Shelving location Date acquired Koha normalized classification for sorting Not for loan Koha issues (times borrowed) Koha full call number Sublocation or collection (holding branch) Price effective from
Central Library, BUETGeneral Book22023-06-11 2023-06-21  71787 Circulation section2014-11-29526_900000000000000_HEB_1978 1526.9/HEB/1978Central Library, BUET2014-11-29
Central Library, BUETGeneral Book3  2017-01-29  72101 Circulation section2014-12-02526_900000000000000_HEB_1978  526.9/HEB/1978Central Library, BUET2014-12-02
Central Library, BUETGeneral Book4  2015-03-07  48010 Circulation section2015-03-07526_900000000000000_HEB_1978  526.9/HEB/1978Central Library, BUET2015-03-07
Central Library, BUETGeneral Book5  2015-03-07  48009 Circulation section2015-03-07526_900000000000000_HEB_1978  526.9/HEB/1978Central Library, BUET2015-03-07